Quizzes
Events
Quiz Creation
Community
Videos
Private Events
Remove Ads
Sign In
Join for FREE
Feedback
Dark Mode
Quiz Categories
Sports
Geography
Music
Movies
Television
Just For Fun
Miscellaneous
History
Literature
Language
Science
Gaming
Entertainment
Religion
Holiday
For Kids
Quiz Lab
Recent
Popular Today
Quiz Kudos Today
Editor Picks
Curator Picks
Quizzes by...
Day
Popularity
Type
Ratings
Length
Year
Community
Subscriptions
Recent Discussions
Orange Saloon
Badges
Playlists
Quests
Create
Leaderboards
Showdown
Live 5
Trivia Bingo
Activity
Puzzle Library
Sporcle Events
Private Events
Virtual Trivia
Globe League
Become a Host
Pub Owners
SporcleCon
Opinionation
Our Games
Videos
Blog
Mobile Apps
Partnerships
Remove Ads and Go Orange
Feedback
Television
TV Characters
TV Show
Sitcom
Network
Friends
Reality Shows
Cast
South Park
Star Trek
The Simpsons
Doctor Who
Television
TV Characters
TV Show
Sitcom
Network
Friends
Reality Shows
Cast
South Park
Star Trek
The Simpsons
Doctor Who
Random Quiz
Search Sporcle
×
Quiz Lab
Quiz Lab
Television
Quote
Select answers by clicking on text or image buttons
Select answers by clicking on text or image buttons
Clickable
Best Score? Go Orange.
Follow That Line: The IT Crowd 2 Stats
Can you pick the next line of dialogue from The IT Crowd?
By
Puzzgal
12m
25 Questions
5,359 Plays
5,359 Plays
5,359 Plays
Comments
Comments
Give Quiz Kudos
Give Quiz Kudos
-
- Ratings
hide this ad
More Info
Forced Order
Answers have to be entered in order
Answers have to be entered in order
Replay
Link that replays current quiz
Next Quiz
Link to next quiz in quiz playlist
You Got
0%
They Got
Avg Score
92%
Avg Friend Score
Upgrade to see
Score Distribution
Jump to the score distribution portion of the page
Score
0/25
Timer
12:00
0
Plays Today
% Correct
Hello, IT. Have you tried turning it off and on again?
97%
The office had, um, too much RAM.
97%
If you call that mindless animalistic rutting 'sex' then, yes, I suppose we did.
96.9%
No. I've heard of it....
96.8%
No, that's tartar sauce.
96.7%
You're my wife, Roy! You're my wife!
96.7%
People... what a bunch of bastards.
96.5%
Who's a pedophile?
96.1%
The cleftal horizon.
95.9%
But I do have a better understanding of what space is than any scientist living today.
95.7%
I mean, fire!
95.7%
Wow, a gun!
95.1%
I like tall, beautiful girls.
94.7%
% Correct
The thing about Arsenal is they always try and walk it in.
94.3%
Tnetennba.
93.6%
I can't read when I'm also trying to see things.
93.3%
I have my dignity, thank you M- no, hang on, that just might work!
92.9%
My ears are not a toilet.
92.8%
I'll be living the dream.
91.7%
... Bloppers!
88.6%
It certainly helped me learn how to buy sandwiches.
87.3%
Where are Mark and Ray?
87.1%
This is exactly what happened with the Iraq war.
86.1%
I'm not a window cleaner!
84.3%
Good.
82.1%
Quiz Playlist
Details
Report
Send in Message
Add To Playlist
More Info:
Some quotes have been slightly edited for length.
Clickable:
Select answers by clicking on text or image buttons
Forced Order:
Answers have to be entered in order
Last Updated: Feb 16, 2017
Quiz Scoreboard
CHALLENGE
Sign Up to Join the Scoreboard
Show All
Scores
Hide
Comments
May contain spoilers
Recently Published
An Introduction to Baseball
by treessimontrees
Sports
5m
Movies - When Are They Set?
by FPL_Elf
Movies
5m
Popular People in 1961
by mucciniale
History
6m
More to Explore
Quiz From the Vault
Featured Blog Post
Where Did the Easter Bunny Come From?
hide this ad
You Might Also Like...
Tags
Clickable Quiz
Follow That Line Quiz
Quote Quiz
TV Show Quiz
IT Crowd
Today's Top Quizzes in Television
Browse Television
hide this ad
Today's Top Quizzes in Quote
Browse Quote
Top Contributed Quizzes in Television
1
One Piece Logic Puzzle
2
Survivor Logic Puzzle: Heroes vs. Villains
3
5-to-1: The Simpsons Families
4
Survivor Seasons
5
Survivor Season by Logo
6
5-to-1: Television Doctors
7
7-to-1: TV Show Settings
8
One Thing in Common: Television
9
Survivor Trivia
10
5-to-1: Streaming Originals
Explore More
Trending Topics
Marvel
Crossword
NBA
Anime
Harry Potter
Kpop
Disney
Country
Soccer
The Office
WWE
Song
Pokémon
Puzzle
NFL
hide this ad
More By:
Puzzgal
Quiz
Plays
Rating
Category
Featured
Created
Categorize the Countries
172,625
4.55
Geography
Mar 23, 2014
Categorize the Colors
163,368
4.51
Language
Jun 6, 2013
English Puns
132,598
4.26
Language
Dec 14, 2013
Follow That Lyric: The Sound of Music
120,124
4.42
Entertainment
Oct 25, 2012
Movie Title Missing Person
117,597
4.55
Movies
May 14, 2012
Go to Creator's Profile
Score Distribution
Quiz Creator Spotlight
Puzzgal
Follow
Send a Message
Quizzes Created
-
Created Quiz Play Count
-
More By This Creator
Popular Quizzes Today
1
Find the Countries of Europe - No Outlines Minefield
2
Find the US States - No Outlines Minefield
3
The Countries of the World
4
Popular People in 1961
5
US States
6
Find the US States
7
1-10 Letter E Words III
8
Risky Map Clicking: Biggest States A-Z
More Television Quizzes
Brooklyn Nine-Nine Halloween Episodes (Minefield)
Quiz Lab
Trending Quizzes
Risky Map Clicking: Least Populous States A-Z
1-10 Letter F Words
1-10 Letter G Words
Not Quite an Element Typing Challenge
One Thing in Common: United Kingdom
Recently Updated
Leaping Animals
pecheneg
Reality TV Shows (A-Z)
bhenderson79
Rickey Henderson's Hall of Fame Teammates
pecheneg
Champions League XIs: Arsenal
pecheneg
Quick Pick: Celebrities in WWE's Hall of Fame
aduchscher
A-Z Keypad Blitz II
pecheneg
Multiple Oscar Actors
pecheneg
Mystery Phrase Blitz: Oscar 'Best Actors'
pecheneg
F. Scott Fitzgerald Novels
LTH
Pick 3 Villains
ddd62291
Trending Topics
Crossword
Disney
Harry Potter
Kpop
Anime
Marvel
NBA
Country
WWE
Song
NFL
The Office
Pokémon
Soccer
Puzzle
Your Account Isn't Verified!
In order to create a playlist on Sporcle, you need to verify the email address you used during registration. Go to your
Sporcle Settings
to finish the process.
Report this User
Report this user for behavior that violates our
Community Guidelines
.
Details:
Send Report
Go to the Sporcle.com Mobile Site →
Comments